[Event "3rd Mayor's Cup"]
[Site "Mumbai IND"]
[Date "2010.06.08"]
[Round "9"]
[White "Mehar,C"]
[Black "Venkatesh,M"]
[Result "0-1"]
[WhiteElo "2295"]
[BlackElo "2452"]

1.e4 c5 2.Nf3 Nc6 3.d4 cxd4 4.Nxd4 e6 5.Nc3 Qc7 6.g3 a6 7.Nb3 b5 8.a3 Bb7
9.Bg2 Nf6 10.O-O d6 11.Be3 Ne5 12.Nd2 Be7 13.h3 O-O 14.f4 Nc4 15.Nxc4 bxc4
16.g4 d5 17.e5 Bc5 18.Bd4 Nd7 19.Ne2 a5 20.c3 Rab8 21.Qd2 Bc6 22.Kh1 Bxd4
23.Nxd4 Nc5 24.f5 Ne4 25.Qf4 exf5 26.gxf5 Rfe8 27.f6 g5 28.Qe3 Rxe5 29.Bxe4 dxe4
30.Rad1 Bd7 31.Rd2 Kh8 32.Rg2 Rg8 33.Rfg1 Qc5 34.Rg3 Rg6 35.R3g2 h6 36.Rf1 Qd6
37.Rgf2 g4 38.hxg4 Bxg4 39.Rh2 Kh7 40.Rh4 Reg5 41.Rf2 Bf3+ 42.Nxf3 exf3 43.Rf1 Qg3  0-1

[Event "3rd Mayor's Cup"]
[Site "Mumbai IND"]
[Date "2010.06.08"]
[Round "9"]
[White "Kokarev,Dm"]
[Black "Khusnutdinov,R"]
[Result "1-0"]
[WhiteElo "2612"]
[BlackElo "2525"]

1.e4 c5 2.Nf3 e6 3.d4 cxd4 4.Nxd4 Nc6 5.Nc3 Qc7 6.Be3 a6 7.Qd2 Nf6 8.O-O-O Be7
9.f3 h5 10.Nxc6 bxc6 11.Bf4 e5 12.Bg5 a5 13.Bc4 Rb8 14.f4 d6 15.h3 h4 16.Rhf1 Rb4
17.Bb3 a4 18.Nxa4 Rd4 19.Qe3 Rxe4 20.Qf3 d5 21.Nc3 Rd4 22.fxe5 Rxd1+ 23.Rxd1 Qxe5
24.Bf4 Qf5 25.Re1 Be6 26.Re5 Qh7 27.Ba4 O-O 28.Bxc6 Bb4 29.Nxd5 Nxd5 30.Bxd5 Bd6
31.Be4 f5 32.Bxf5 Bxf5 33.Rxf5 Qxf5 34.Bxd6  1-0

[Event "TCh-CHN"]
[Site "Shenzhan CHN"]
[Date "2010.06.08"]
[Round "5"]
[White "Li Chao2"]
[Black "Wang Chen"]
[Result "1/2-1/2"]
[WhiteElo "2613"]
[BlackElo "2390"]

1.e4 c5 2.Nf3 e6 3.d4 cxd4 4.Nxd4 Nc6 5.Nc3 Qc7 6.Be2 a6 7.O-O Nf6 8.Be3 Bb4
9.Na4 Bd6 10.g3 b5 11.Nb6 Rb8 12.Nxc8 Ra8 13.Nb6 Rb8 14.Nc8 Rxc8 15.a4 Nxd4
16.Bxd4 e5 17.Be3 Bc5 18.axb5 Bxe3 19.fxe3 axb5 20.Bxb5 O-O 21.c4 Nxe4 22.Qxd7 Qxd7
23.Bxd7 Rxc4 24.Rfc1 Rb4 25.Ra4 Rxa4 26.Bxa4 Rb8 27.Bc6 Rf8 28.Ba4 Rb8 29.Bc6 Nd6
30.b4 Kf8 31.b5 Ke7 32.Kf2 Rb6 33.Rb1 f5 34.Ke2 e4 35.Kd2 Nc4+ 36.Kc3 Ne5
37.Bd5 Kd6 38.Bg8 Kc5 39.Bxh7 g6 40.h4 Nc4 41.h5 Rd6 42.Rc1 Rd3+ 43.Kc2 gxh5
44.Bxf5 Nxe3+ 45.Kb1+ Kd5 46.Bg6 Rb3+ 47.Ka2 Rxb5 48.Bxh5 Kd4 49.Bg6  1/2-1/2

[Event "TCh-CHN"]
[Site "Shenzhan CHN"]
[Date "2010.06.08"]
[Round "5"]
[White "Zhang Pengxiang"]
[Black "Liang Jinrong"]
[Result "1-0"]
[WhiteElo "2605"]
[BlackElo "2462"]

1.e4 c5 2.Nf3 e6 3.d4 cxd4 4.Nxd4 Nc6 5.Nc3 Qc7 6.f4 a6 7.Nxc6 bxc6 8.Bd3 d5
9.O-O Nf6 10.Kh1 Be7 11.e5 Nd7 12.Na4 Nc5 13.Nxc5 Bxc5 14.c4 g6 15.Bd2 dxc4
16.Be4 Bb7 17.Qa4 O-O 18.Qxc4 Rfd8 19.Bc3 Be7 20.f5 Qc8 21.fxg6 hxg6 22.Bc2 Bf8
23.Rxf7 Kxf7 24.Rf1+ Kg8 25.Qg4 Qd7 26.Qxg6+ Qg7 27.Qxe6+ Kh8 28.Qh3+ Qh6
29.Rxf8+  1-0

[Event "9th TCh-BIH Premier"]
[Site "Bihac BIH"]
[Date "2010.06.09"]
[Round "5"]
[White "Kovacevic,A"]
[Black "Perunovic,Mil"]
[Result "0-1"]
[WhiteElo "2573"]
[BlackElo "2574"]

1.e4 c5 2.Nf3 e6 3.d4 cxd4 4.Nxd4 Nc6 5.Nc3 Qc7 6.Be2 a6 7.O-O Nf6 8.Be3 Be7
9.f4 d6 10.a4 O-O 11.Kh1 Re8 12.Bf3 Rb8 13.g4 Nxd4 14.Bxd4 e5 15.fxe5 dxe5
16.Ba7 Ra8 17.Be3 Be6 18.g5 Red8 19.Qe2 Ne8 20.Qf2 Rdc8 21.Bg4 Nd6 22.Bxe6 fxe6
23.Qg3 Qc6 24.Qxe5 Nc4 25.Qg3 Bd6 26.Bf4 Bb4 27.Na2 Bd2 28.b3 Qxe4+ 29.Qf3 Qxf3+
30.Rxf3 e5 31.Bxd2 Nxd2 32.Rf2 Ne4 33.Rg2 Rf8 34.Re2 Rf4 35.Rae1 Nxg5 36.Rxe5 Nf3
37.R1e4 Raf8 38.Rxf4 Rxf4 39.Re3 Nd4 40.Nb4 Nf5 41.Re5 Nh4 42.Re8+ Kf7 43.Re7+ Kf8  0-1

[Event "45th Capablanca Mem Open"]
[Site "Havana CUB"]
[Date "2010.06.10"]
[Round "1"]
[White "Lemes Rosales,Lazaro"]
[Black "Obregon Rivero,J"]
[Result "1-0"]
[WhiteElo "2214"]
[BlackElo "2410"]

1.e4 c5 2.Nf3 e6 3.d4 cxd4 4.Nxd4 Nc6 5.Nc3 Qc7 6.Be2 Nf6 7.a3 a6 8.Be3 b5
9.O-O Bb7 10.Nxc6 Bxc6 11.Bf3 Bd6 12.h3 h5 13.Re1 Bh2+ 14.Kh1 Be5 15.Bd4 O-O-O
16.Bxe5 Qxe5 17.g3 h4 18.g4 Qf4 19.Qe2 d5 20.exd5 exd5 21.Kg2 Rhe8 22.Qd3 Ne4
23.Ne2 Qc7 24.Nd4 Bb7 25.Rad1 Kb8 26.Qe3 g6 27.Bxe4 dxe4 28.Kg1 Ka8 29.c3 f5
30.Qg5 e3 31.Rxe3 Rxe3 32.Qxe3 fxg4 33.hxg4 Rh8 34.Qh3 Qe7 35.Qe3 Qd8 36.Re1 h3
37.Kh2 Rf8 38.f3 Qh4 39.Re2 Qd8 40.Qe7 Qb8+ 41.Qe5 Qc8 42.Qe6 Qc7+ 43.Qe5 Qc4
44.Rf2 Qd3 45.Kxh3 Qd1 46.Kg2 Qc1 47.Ne6 Rf7 48.Nc7+ Ka7 49.Nd5 Rd7 50.Qe3+ Qxe3
51.Nxe3 Rd3 52.Re2 a5 53.Kf2 g5 54.Rc2 Kb6 55.Ke2 Rd8 56.Nf5 Kc5 57.Nd4 Bd5
58.Rd2 Kc4 59.Kf2 Rb8 60.Kg3 Rf8 61.Nf5 Be6 62.Nd6+ Kc5 63.Ne4+ Kc4 64.Nxg5 Bd5
65.Rd4+ Kc5 66.Ne4+ Kc6 67.g5 a4 68.Nf6 Bb3 69.f4 Rh8 70.Rd2 Rh1 71.g6 Be6
72.f5 Bxf5 73.g7 Be6 74.g8=Q Bxg8 75.Nxg8 Rg1+ 76.Rg2 Rxg2+ 77.Kxg2 Kc5 78.Nf6 Kc4
79.Ne4 Kb3 80.Nd6 Kxb2 81.Nxb5 Kb3 82.Kf3 Kc4 83.Ke3 Kxb5 84.Kd4 Kb6 85.Kd5 Ka6
86.Kc6 Ka5  1-0

[Event "3rd Mayor's Cup"]
[Site "Mumbai IND"]
[Date "2010.06.10"]
[Round "11"]
[White "Stany,G"]
[Black "Venkatesh,M"]
[Result "1/2-1/2"]
[WhiteElo "2330"]
[BlackElo "2452"]

1.e4 c5 2.Nf3 Nc6 3.d4 cxd4 4.Nxd4 e6 5.Nc3 Qc7 6.Be3 a6 7.Bd3 Nf6 8.O-O Nxd4
9.Bxd4 Bc5 10.Bxc5 Qxc5 11.Na4 Qc7 12.c4 d6 13.Rc1 Bd7 14.c5 O-O 15.cxd6 Qxd6
16.Nc5 Bc6 17.Qe2 Rac8 18.e5 Qd5 19.f4 Qd4+ 20.Qf2 Qxf2+ 21.Rxf2 Nd5 22.a3 g6
23.g3 Rfd8 24.Rfc2 Ne3 25.Rc3 Nd5 26.R3c2 Ne3 27.Rc3 Nd5  1/2-1/2

[Event "1st Open"]
[Site "Di Roseto ITA"]
[Date "2010.06.11"]
[Round "8"]
[White "Seyfried,C"]
[Black "Yurenok,M"]
[Result "0-1"]
[WhiteElo "2087"]
[BlackElo "1984"]

1.e4 c5 2.Nf3 e6 3.d4 cxd4 4.Nxd4 Nc6 5.Nc3 Qc7 6.Be3 a6 7.Qd2 Nf6 8.f3 b5
9.O-O-O Bb7 10.g4 h6 11.Kb1 b4 12.Na4 d5 13.Nxc6 Qxc6 14.Nb6 Rb8 15.exd5 Nxd5
16.Nxd5 Qxd5 17.Qxd5 Bxd5 18.Bg2 Be7 19.Bd4 O-O 20.Be5 Rbd8 21.b3 a5 22.Rd3 f6
23.Bd4 a4 24.Rg1 axb3 25.axb3 Bd6 26.h4 Rf7 27.Bh3 g5 28.h5 Bf4 29.Rgd1 Ra8
30.Bf1 Kg7 31.Be2 Rb7 32.Bb2 Rba7 33.Rd4 Be5 34.Rxb4 Ra1+  0-1

[Event "National Open"]
[Site "Las Vegas USA"]
[Date "2010.06.11"]
[Round "2"]
[White "Fuentes,R"]
[Black "Krush,I"]
[Result "1/2-1/2"]
[WhiteElo "2169"]
[BlackElo "2455"]

1.e4 c5 2.Nf3 e6 3.d4 cxd4 4.Nxd4 Nc6 5.Nc3 Qc7 6.a3 a6 7.Be3 b5 8.Bd3 Bb7
9.O-O Nf6 10.Kh1 Nxd4 11.Bxd4 Bc5 12.Bxc5 Qxc5 13.Qe2 e5 14.f4 O-O 15.fxe5 Qxe5
16.Rf5 Qe7 17.e5 Nd5 18.Nxd5 Bxd5 19.Re1 Rac8 20.Rf4 g6 21.c4 bxc4 22.Bxc4 Bxc4
23.Rxc4 Qe6 24.Rd4 Rfe8 25.h3 Rc5 26.Qd2 Qf5 27.Rxd7 Rcxe5 28.Rxe5 Rxe5 29.Rd8+ Kg7
30.Qd4 Kh6 31.Qh4+ Kg7 32.Qd4  1/2-1/2

[Event "ch-NED"]
[Site "Eindhoven NED"]
[Date "2010.06.12"]
[Round "2"]
[White "Bok,B"]
[Black "Smeets,J"]
[Result "0-1"]
[WhiteElo "2430"]
[BlackElo "2659"]

1.e4 c5 2.Nf3 e6 3.d4 cxd4 4.Nxd4 Nc6 5.Nc3 Qc7 6.Be3 Nf6 7.f4 d6 8.Qf3 Be7
9.O-O-O a6 10.g4 Nd7 11.g5 b5 12.Nxc6 Qxc6 13.Bd3 Nc5 14.Bd4 O-O 15.a3 Re8
16.Kb1 Rb8 17.Nd5 exd5 18.exd5 Qd7 19.Bxc5 dxc5 20.Rhe1 Bb7 21.h4 c4 22.Be4 f5
23.gxf6 Bxf6 24.Qh5 g6 25.Qf3 Bxh4 26.Rg1 Qf7 27.Bxg6 hxg6 28.Qh5 Bf6 29.Rxg6+ Kf8
30.Rdg1 Ke7 31.d6+ Kd7 32.Qc5 Bc6 33.Qf5+ Qe6 34.Rxf6 Qxf5 35.Rg7+ Kd8 36.Rxf5 Rb7
37.Rxb7 Bxb7 38.Rc5 Re1+ 39.Ka2 Be4 40.Re5 Kd7 41.f5 Kxd6 42.Re8 Kd5 43.f6 Rf1
44.Rd8+ Kc6  0-1

[Event "Open"]
[Site "Teplice CZE"]
[Date "2010.06.12"]
[Round "1"]
[White "Okrouhlik,Zdenek"]
[Black "Kozak,Mi"]
[Result "0-1"]
[WhiteElo "1811"]
[BlackElo "2184"]

1.e4 c5 2.Nf3 e6 3.d4 cxd4 4.Nxd4 Nc6 5.Nc3 d6 6.Bc4 Nf6 7.Bb3 Be7 8.Be3 O-O
9.f4 Nxd4 10.Bxd4 b5 11.e5 dxe5 12.Bxe5 Qb6 13.Qe2 b4 14.Na4 Qc6 15.O-O-O Ba6
16.Qe3 Bb5 17.Bxf6 gxf6 18.f5 Bxa4 19.Rd4 Bxb3 20.axb3 Kh8 21.Rh4 Rfc8 22.Qe2 e5
23.Rd1 Rg8 24.Rd3 Rg7 25.Rdh3 Rc8 26.c4 bxc3 27.bxc3 Qc5 28.Kc2 Qa3 29.Ra4 Qd6
30.Rah4 Rd8 31.g3 Qd7 32.g4 Qd5 33.Re3 Qa5 34.Kb1 Qa3  0-1

[Event "14th FIDE Open"]
[Site "Voronezh RUS"]
[Date "2010.06.12"]
[Round "1"]
[White "Polyansky,V"]
[Black "Tukhvatullin,V"]
[Result "0-1"]
[WhiteElo "1998"]
[BlackElo "2296"]

1.e4 c5 2.Nf3 e6 3.d4 cxd4 4.Nxd4 Nc6 5.Nc3 Nf6 6.Nxc6 bxc6 7.e5 Nd5 8.Nxd5 cxd5
9.Bd3 Ba6 10.O-O Bxd3 11.cxd3 d6 12.Bf4 dxe5 13.Bxe5 f6 14.Bc3 Bd6 15.Re1 Kf7
16.Qh5+ g6 17.Qh3 Qd7 18.Re2 h5 19.Rae1 Rhe8 20.Qf3 Qd8 21.Kh1 Rc8 22.Qe3 Qd7
23.a3 e5 24.Qh6 Bf8 25.Qd2 d4 26.Bb4 g5 27.Bxf8 Rxf8 28.Qd1 Kg6 29.Re4 Qb5
30.h4 Qxb2 31.hxg5 Qxf2 32.Rf1 Qg3 33.gxf6 Rxf6 34.Rxf6+ Kxf6 35.Re2 Rc3
36.Qf1+ Kg6 37.Rf2 Qxd3 38.Rf6+ Kg5  0-1

[Event "45th Capablanca Mem Open"]
[Site "Havana CUB"]
[Date "2010.06.13"]
[Round "4"]
[White "Perez Rodriguez,L"]
[Black "Guerra Tulcan,L"]
[Result "1-0"]
[WhiteElo "2484"]
[BlackElo "2354"]

1.e4 c5 2.Nf3 e6 3.d4 cxd4 4.Nxd4 Nc6 5.Nc3 Qc7 6.Be3 a6 7.Qd2 Nxd4 8.Bxd4 Ne7
9.O-O-O Nc6 10.Be3 d6 11.f4 b5 12.Kb1 Rb8 13.Bd3 Be7 14.g4 Na5 15.h4 Bb7
16.Qf2 Nc4 17.Bxc4 Qxc4 18.Rd4 Qc7 19.g5 O-O 20.f5 b4 21.Rxb4 Bxe4 22.Rxb8 Rxb8
23.Nxe4 Qb7 24.Bd4 Qxe4 25.Re1 Qd5 26.Bxg7 Kxg7 27.f6+ Bxf6 28.Qxf6+ Kg8
29.h5 Qf5 30.Qc3 e5 31.a3 Rc8 32.Qd2 Rd8 33.Qg2 Rc8 34.h6 Kf8 35.Rd1 Qe6
36.Qd5 Kg8 37.Qd3 Rc6 38.Rf1 Qg6 39.Qb3 Qe6 40.Qd3 Qg6 41.Qb3 Qe6 42.Qb7 Qc4
43.Rf2 Rc8 44.b3 Qc7 45.Qd5 a5 46.a4 Rf8 47.Rf6 Rc8 48.c3 Qe7 49.Kb2 Qc7
50.Ka2 Re8 51.c4 Rd8 52.g6 hxg6 53.Rxg6+ Kh8 54.Rg7 Qe7 55.Qe4  1-0

[Event "Open"]
[Site "Teplice CZE"]
[Date "2010.06.14"]
[Round "3"]
[White "Kotva,M"]
[Black "Tuma,Ja"]
[Result "0-1"]
[WhiteElo "2066"]
[BlackElo "2325"]

1.e4 c5 2.Nf3 e6 3.d4 cxd4 4.Nxd4 Nc6 5.Nc3 a6 6.Be2 d6 7.Be3 Nf6 8.f4 Be7
9.O-O O-O 10.Bf3 Bd7 11.g4 Na5 12.g5 Ne8 13.b3 e5 14.Nf5 Bxf5 15.exf5 exf4
16.Bd4 Bxg5 17.Ne4 Nc6 18.Bf2 Bh4 19.c4 Ne5 20.Bh1 g6 21.f6 Bxf6 22.Nxf6+ Qxf6
23.Bxb7 Rd8 24.Bg3 g5 25.Be4 Ng7 26.Qe2 Qh6 27.Bf2 Ng4 28.Bb6 d5 29.Bxd8 dxe4
30.Be7 Re8 31.Bc5 Ne6 32.Qg2 Ne5 33.Bb6 f3 34.Qg3 Nf4 35.Kh1 Qxb6 36.Qxg5+ Neg6
37.Rad1 Nd3 38.Qe3 f5 39.c5 Qc6 40.Qd4 f2 41.Qd6 Qxd6  0-1

[Event "14th Master Open"]
[Site "Voronezh RUS"]
[Date "2010.06.14"]
[Round "3"]
[White "Voitsekhovsky,S"]
[Black "Dubov,Danii"]
[Result "1-0"]
[WhiteElo "2531"]
[BlackElo "2416"]

1.e4 c5 2.Nf3 Nc6 3.d4 cxd4 4.Nxd4 e6 5.Nc3 Qc7 6.g3 a6 7.Bg2 d6 8.O-O Bd7
9.Nxc6 Bxc6 10.a4 Be7 11.a5 b5 12.axb6 Qxb6 13.Be3 Qb7 14.Ra3 Nf6 15.Rb3 Qc8
16.Rb6 Nd7 17.Rxc6 Qxc6 18.e5 d5 19.Nxd5 exd5 20.Bxd5 Qc8 21.Qg4 Nb6 22.Qxg7 Nxd5
23.Qxh8+ Kd7 24.Qxh7 Nxe3 25.fxe3 Qc5 26.e6+ fxe6 27.Rd1+ Kc7 28.Rd3 Kb6
29.Qe4 Rb8 30.Qxe6+ Ka7 31.Rd5 Qb4 32.c3 Qxb2 33.Qxe7+ Ka8 34.Qe4 Qb7 35.Re5  1-0

[Event "14th FIDE Open"]
[Site "Voronezh RUS"]
[Date "2010.06.14"]
[Round "3"]
[White "Danilov,Yuri"]
[Black "Demikhov,V"]
[Result "0-1"]
[WhiteElo "1785"]
[BlackElo "2114"]

1.e4 c5 2.Nf3 e6 3.d4 cxd4 4.Nxd4 Nc6 5.Nc3 Qc7 6.Be3 a6 7.Qd2 Nf6 8.Be2 Bb4
9.Nb3 Nxe4 10.Qd3 Nxc3 11.bxc3 Ne5 12.Qe4 Bxc3+ 13.Bd2 d5 14.Qe3 Bxd2+ 15.Qxd2 O-O
16.O-O Bd7 17.Nd4 Nc4 18.Qc3 Rac8 19.Rab1 b5 20.Rbc1 e5 21.Nf3 d4 22.Qd3 f5
23.Qb3 Kh8 24.Rfe1 Rfe8 25.Ng5 h6 26.Qh3 Kg8 27.Nf3 Nd6 28.Qg3 Ne4 29.Qg6 Qc5
30.Nh4 Rc6 31.Qh5 Rf8 32.Bd3 Nf6 33.Qd1 e4 34.Bf1 Ng4 35.Be2 Nxf2 36.Kxf2 d3+
37.Kf1 dxe2+ 38.Rxe2 Be6 39.Ng6 Re8 40.Nf4 Bc4 41.Qd7 Bxe2+ 42.Nxe2 Rcc8
43.Nf4 Rcd8 44.Qb7 Qe3  0-1

[Event "14th FIDE Open"]
[Site "Voronezh RUS"]
[Date "2010.06.14"]
[Round "3"]
[White "Kostrikina,A"]
[Black "Litavrin,Mikhail"]
[Result "1-0"]
[WhiteElo "2083"]
[BlackElo "1912"]

1.e4 c5 2.Nf3 e6 3.d4 cxd4 4.Nxd4 Nc6 5.Nc3 Nf6 6.Ndb5 Bb4 7.a3 Bxc3+ 8.Nxc3 O-O
9.Bd3 d5 10.exd5 Nxd5 11.Ne4 Ne5 12.O-O Nxd3 13.Qxd3 b6 14.Rd1 Bb7 15.c4 Ne7
16.Nf6+ gxf6 17.Qg3+ Kh8 18.Rxd8 Raxd8 19.Be3 Rg8 20.Qf4 Rxg2+ 21.Kf1 Nf5
22.Qc7 Nxe3+ 23.Ke2 Rdg8 24.Kxe3 Ba6 25.Qxf7 Bxc4 26.Qxf6+ R2g7 27.h4 h5
28.Rg1 Kh7 29.Rg5 Rxg5 30.hxg5 Rg6 31.Qf7+ Rg7 32.g6+ Kh6 33.Qf4+ Kxg6 34.Qxc4 Kf6
35.Qh4+  1-0

[Event "4th Open"]
[Site "Varna BUL"]
[Date "2010.06.15"]
[Round "4"]
[White "Abdulla,K"]
[Black "Sadzikowski,D"]
[Result "0-1"]
[WhiteElo "2183"]
[BlackElo "2258"]

1.e4 c5 2.Nf3 e6 3.d4 cxd4 4.Nxd4 Nc6 5.Nc3 Qc7 6.Nxc6 dxc6 7.Bd3 e5 8.O-O Bc5
9.Kh1 Bd6 10.Qe2 Ne7 11.Bd2 O-O 12.Rae1 Ng6 13.Qh5 Re8 14.Ne2 Be6 15.Ng3 Nf4
16.Bxf4 g6 17.Qg5 exf4 18.Nh5 Be5 19.Nf6+ Kg7 20.Nxe8+ Rxe8 21.f3 h6 22.Qh4 Bxb2
23.Qf2 c5 24.c4 Be5 25.Rb1 Rd8 26.Rfd1 b5 27.cxb5 c4 28.Bc2 Rb8 29.a4 Qb6
30.Qd2 c3 31.Qd3 Rc8 32.Ra1 Qc5 33.Qe2 Bc4 34.Qe1 Rc7 35.Qg1 Qe3 36.Rab1 Qb6
37.Qxb6 axb6 38.Rd8 Ra7 39.Rbd1 Be6 40.Re8 Kf6 41.h3 h5 42.Rdd8 Rb7 43.Rd3 Bc4
44.Rd1 Be6 45.Kg1 Bd7 46.Ra8 Be6 47.Kf2 Ke7 48.Ke2 Bc4+ 49.Ke1 Be6 50.Kf2 Kf6
51.Kg1 Ke7 52.Kh1 Kf6 53.Rb1 Ke7 54.a5 bxa5 55.Rxa5 Bd4 56.Ra4 Be3 57.Ra3 Bd4
58.Bd3 Kd6 59.Ra6+ Rb6 60.Rba1 Bb3 61.Rc1 Kc5 62.Rxb6 Kxb6 63.Kh2 h4 64.Kh1 Ba4
65.Rb1 Be3 66.Ra1 c2 67.Bxc2 Bxc2 68.Ra8 Kxb5 69.Rh8 Bf2 70.Rf8 Bb3 71.Rc8 Bc4
72.Rc7 Kb4 73.Rxc4+ Kxc4 74.Kh2 Kd3 75.Kh1 Ke2 76.Kh2 Kf1 77.Kh1 Bg1 78.e5 Kf2
79.e6 fxe6  0-1

[Event "14th Master Open"]
[Site "Voronezh RUS"]
[Date "2010.06.15"]
[Round "4"]
[White "Lastin,A"]
[Black "Dubov,Danii"]
[Result "1/2-1/2"]
[WhiteElo "2643"]
[BlackElo "2416"]

1.e4 c5 2.Nf3 e6 3.d4 cxd4 4.Nxd4 Nc6 5.Nc3 Qc7 6.Be2 a6 7.O-O Nf6 8.Be3 Be7
9.f4 d6 10.a4 O-O 11.Kh1 Re8 12.Bf3 Na5 13.Qe1 Nc4 14.Bc1 e5 15.Nde2 d5 16.exd5 Bd6
17.fxe5 Bxe5 18.Qh4 Bf5 19.Nd4 Bg6 20.Nc6 Nxb2 21.Nxe5 Qxc3 22.Rb1 Qxe5 23.Bxb2 Qd6
24.Bxf6 Qxf6 25.Qxf6 gxf6 26.Rxb7 Bxc2 27.d6 Rad8 28.Bd5 Bg6 29.Re7 Rf8 30.d7 Bc2
31.Rf4 f5 32.Rc4 Bb3 33.Rd4 Bc2 34.a5 Kg7 35.Bc6  1/2-1/2

[Event "14th Master Open"]
[Site "Voronezh RUS"]
[Date "2010.06.18"]
[Round "6"]
[White "Artemiev,V"]
[Black "Sharafiev,A"]
[Result "0-1"]
[WhiteElo "2246"]
[BlackElo "2447"]

1.e4 c5 2.Nf3 e6 3.d4 cxd4 4.Nxd4 Nc6 5.Nc3 d6 6.Be3 Nf6 7.Qd2 Ng4 8.Bg5 Qa5
9.Nb3 Qb6 10.h3 Nf6 11.O-O-O a6 12.g4 Qc7 13.Be3 b5 14.g5 Nd7 15.f4 Be7 16.h4 Nb6
17.Bd3 Rb8 18.h5 Nc4 19.Bxc4 bxc4 20.Nd4 Qb7 21.b3 Na5 22.f5 Qb4 23.Nb1 cxb3
24.axb3 e5 25.Ne2 Qxe4 26.Nbc3 Qb4 27.Qd3 Bb7 28.Nd5 Qa3+ 29.Kd2 Bxd5 30.Qxd5 Qb4+
31.Kc1 Qa3+ 32.Kd2 Qb4+ 33.Kc1 Rc8 34.Kb1 Nc4 35.Bc1 Bxg5  0-1

[Event "45th Capablanca Mem Open"]
[Site "Havana CUB"]
[Date "2010.06.19"]
[Round "9"]
[White "Guerra Mendez,J"]
[Black "Obregon Rivero,J"]
[Result "0-1"]
[WhiteElo "2471"]
[BlackElo "2410"]

1.e4 c5 2.Nf3 e6 3.d4 cxd4 4.Nxd4 Nc6 5.Nc3 Qc7 6.g3 a6 7.Bg2 Nf6 8.O-O Nxd4
9.Qxd4 Bc5 10.Bf4 d6 11.Qd2 h6 12.Rad1 e5 13.Be3 Bg4 14.Bxc5 dxc5 15.f3 Be6
16.Nd5 Bxd5 17.exd5 Qd6 18.f4 exf4 19.Qxf4 O-O-O 20.a3 Rhe8 21.b4 cxb4 22.axb4 Qxf4
23.Rxf4 Re2 24.Rc4+ Kb8 25.d6 Ne8 26.d7 Nc7 27.Bh3 Re7 28.Rf1 Ne6 29.Rxf7 Rxf7
30.Bxe6 Rfxd7 31.Bxd7 Rxd7 32.h4 Rf7 33.Re4 b6 34.Kg2 Kc7 35.c4 a5 36.Re3 Kd6
37.bxa5 bxa5 38.Ra3 Ra7 39.Ra4 Kc5 40.Kf3 Kd4 41.Kf4 Kc3 42.c5 Kb3 43.Ra1 Kb4
44.Kf5 Ra6 45.h5 Kxc5 46.Rc1+ Kd4 47.Rc7 a4 48.Rxg7 a3 49.Rd7+ Kc3 50.Rd1 a2
51.Ra1 Kb2  0-1

[Event "Open"]
[Site "Eforie Nord ROU"]
[Date "2010.06.20"]
[Round "4"]
[White "Caspi,I"]
[Black "Garbea,B"]
[Result "1-0"]
[WhiteElo "2438"]
[BlackElo "2270"]

1.e4 c5 2.Nf3 e6 3.d4 cxd4 4.Nxd4 Nc6 5.Nc3 Qc7 6.Be3 a6 7.Qd2 Nf6 8.O-O-O Bb4
9.f3 d5 10.a3 Bxc3 11.Qxc3 dxe4 12.Nxc6 Qxc6 13.Qe5 O-O 14.Bg5 Nd7 15.Qxe4 Qxe4
16.fxe4 e5 17.Bc4 h6 18.Bh4 g5 19.Bg3 Kg7 20.Rd6 f6 21.Bf2 Re8 22.Bd5 Nf8
23.Rb6 Rb8 24.Rd1 Ne6 25.g3 Kg6 26.Bc4 Nc7 27.Rdd6 Rf8 28.Be1 Na8 29.Rb3 b5
30.Ba5 Rb7 31.Bd5 Rd7 32.Rxd7 Bxd7 33.Rd3 Bh3 34.Bb7 Bg2 35.Rd8  1-0

[Event "XXVIII Balaton GM2"]
[Site "Heviz HUN"]
[Date "2010.06.20"]
[Round "2"]
[White "Czebe,A"]
[Black "Bokros,A"]
[Result "1/2-1/2"]
[WhiteElo "2480"]
[BlackElo "2486"]

1.e4 c5 2.Nf3 e6 3.Nc3 Nc6 4.d4 cxd4 5.Nxd4 Nf6 6.Bf4 d6 7.Ndb5 e5 8.Bg5 a6
9.Na3 b5 10.Bxf6 gxf6 11.Nd5 Bg7 12.c3 f5 13.exf5 Bxf5 14.Nc2 Be6 15.Nce3 Ne7
16.g3 Nxd5 17.Nxd5 O-O 18.Bg2 a5 19.O-O Rb8 20.a3 f5 21.Qh5 Kh8 22.Rad1 Bf7
23.Qe2 e4 24.Kh1 Be5 25.f4 Bg7 26.Rd2 Qd7 27.Rfd1 Rfd8 28.Qe3 Bh5 29.Re1 Bf7
30.Red1 Bh5 31.Rc1 Bf7 32.Rcd1  1/2-1/2

[Event "Open"]
[Site "Eforie Nord ROU"]
[Date "2010.06.21"]
[Round "5"]
[White "Vedmediuc,S"]
[Black "Padurariu,I"]
[Result "1-0"]
[WhiteElo "2438"]
[BlackElo "2195"]

1.e4 c5 2.Nf3 e6 3.d4 cxd4 4.Nxd4 Nc6 5.Nc3 Qc7 6.Be2 a6 7.O-O Nf6 8.Be3 Bb4
9.Na4 Be7 10.Nxc6 bxc6 11.Nb6 Rb8 12.Nxc8 Qxc8 13.e5 Nd5 14.Bc1 c5 15.Re1 O-O
16.c3 a5 17.Bf3 Nb6 18.Be4 Qc7 19.Qg4 g6 20.Bc2 d6 21.exd6 Bxd6 22.g3 Nd5
23.Qf3 Be5 24.Be4 Rfd8 25.Bg5 Rd7 26.Qe2 Bg7 27.Rad1 h6 28.Bc1 Rbd8 29.Qc4 g5
30.Bf3 Nb6 31.Rxd7 Rxd7 32.Qb5 a4 33.Be3 Bf8 34.Rd1 Rxd1+ 35.Bxd1 Nd5 36.Bd2 a3
37.bxa3 Qd6 38.Qd3 c4 39.Qxc4 Qxa3 40.Bb3 Bc5 41.Qd3 Qa7 42.Be1 Nb6 43.h4 Qc7
44.hxg5 hxg5 45.Kg2 Qe5 46.Bd2 Nd5 47.c4 Ne7 48.Bc3 Qc7 49.Bf6 g4 50.Qe4 Ng6
51.Qxg4 e5 52.Bc2 Qc6+ 53.Qf3 Nf4+ 54.gxf4 Qxf6 55.Qg4+ Qg7 56.Qxg7+ Kxg7
57.fxe5 Ba3 58.f4 Kf8 59.Kf3 Ke7 60.Ke4 Kd7 61.Kd5 Bc1 62.f5 Ba3 63.Ba4+ Kd8
64.f6 Bb2 65.Bd1  1-0

[Event "Sveins Minneturnering"]
[Site "Oslo NOR"]
[Date "2010.06.21"]
[Round "7"]
[White "Westerinen,H"]
[Black "Trygstad,K"]
[Result "1/2-1/2"]
[WhiteElo "2358"]
[BlackElo "2297"]

1.e4 c5 2.Nf3 e6 3.Nc3 Nc6 4.d4 cxd4 5.Nxd4 a6 6.Be2 Qc7 7.O-O Nf6 8.a3 Nxd4
9.Qxd4 Bd6 10.h3 b5 11.Qd3 Bb7 12.f4 Bc5+ 13.Kh2 O-O 14.e5 Nd5 15.Bf3 Nxc3
16.Qxc3 Rac8 17.Bxb7 Qxb7 18.Qf3 Qxf3 19.Rxf3 d6 20.exd6 Bxd6 21.c3 Rc4 22.Be3 Rd8
23.Bd4 f6 24.Re1 Kf7 25.g3 Bc7 26.Kg2 Rc6 27.Rfe3 Bb6 28.Bxb6 Rxb6 29.Kf3 h5
30.Re4 Rd5 31.Ke3 Rbd6 32.Rd4 e5 33.Rxd5 Rxd5 34.Rf1 exf4+ 35.Rxf4 g5 36.Rf1 f5
37.Ra1 Ke6 38.a4 Ke5 39.axb5 axb5 40.Ra8 f4+ 41.gxf4+ gxf4+ 42.Ke2 Ke4 43.Re8+ Kf5
44.Rg8 Ke4 45.Re8+ Kf5 46.Rg8 Ke4  1/2-1/2

[Event "14th Master Open"]
[Site "Voronezh RUS"]
[Date "2010.06.21"]
[Round "9"]
[White "Stetsko,L"]
[Black "Simonian,T"]
[Result "0-1"]
[WhiteElo "2127"]
[BlackElo "2311"]

1.e4 c5 2.Nc3 e6 3.Nf3 Nc6 4.d4 cxd4 5.Nxd4 Nf6 6.Nxc6 bxc6 7.e5 Nd5 8.Ne4 Qc7
9.f4 Qb6 10.c4 Ne3 11.Qd3 Nf5 12.Bd2 c5 13.Bc3 Bb7 14.Be2 Be7 15.Bf3 Rd8
16.O-O-O d5 17.exd6 Bxd6 18.Nxd6+ Rxd6 19.Qe2 Bxf3 20.Qxf3 O-O 21.Be5 Rxd1+
22.Rxd1 Qa6 23.Qb3 f6 24.Bc3 Qc6 25.g3 Qg2 26.Rd2 Qe4 27.Rd1 a6 28.Re1 Qc6
29.Rd1 h5 30.Ba5 Nd4 31.Qd3 Qa4 32.Bc3 Rd8 33.Kb1 Nc6 34.Qxd8+ Nxd8 35.Rxd8+ Kf7
36.Rd6 Qxc4 37.a3 h4 38.Rd1 hxg3 39.hxg3 Qe2 40.Rd7+ Kg6 41.Rc7 Qe3 42.Ka2 Qxg3  0-1

[Event "Sveins Minneturnering"]
[Site "Oslo NOR"]
[Date "2010.06.22"]
[Round "9"]
[White "Tari,A"]
[Black "Mihajlov,Sve"]
[Result "1/2-1/2"]
[WhiteElo "1997"]
[BlackElo "2117"]

1.e4 c5 2.Nf3 e6 3.d4 cxd4 4.Nxd4 Nc6 5.Nc3 Qc7 6.Be3 a6 7.Be2 Nge7 8.Ndb5 axb5
9.Nxb5 Qa5+ 10.Bd2 Qb6  1/2-1/2

[Event "Sveins Minneturnering"]
[Site "Oslo NOR"]
[Date "2010.06.22"]
[Round "9"]
[White "Hauge,Lars Oskar"]
[Black "Pedersen,Sven2"]
[Result "0-1"]
[WhiteElo "1880"]
[BlackElo "2133"]

1.e4 c5 2.Nf3 e6 3.d4 cxd4 4.Nxd4 Nc6 5.Nc3 d6 6.Be2 Nf6 7.O-O Be7 8.Kh1 O-O
9.f4 Qc7 10.Nb3 a6 11.a4 b6 12.Bf3 Bb7 13.Be3 Na5 14.Nxa5 bxa5 15.g4 d5 16.e5 Nxg4
17.Bg1 Nh6 18.Ne2 Nf5 19.Nd4 Nxd4 20.Bxd4 Bc5 21.Rf2 Rfc8 22.Rg2 g6 23.h4 Qe7
24.Bxc5 Rxc5 25.Qe1 Rac8 26.c3 d4 27.Bxb7 Qxb7 28.cxd4 Rc2 29.Qg3 Qxb2 30.Rag1 Qxd4
31.Qg5 R2c3 32.Kh2 Rd3 33.Rg4 Rc2+  0-1

[Event "Open"]
[Site "Eforie Nord ROU"]
[Date "2010.06.23"]
[Round "7"]
[White "Burlacu,B"]
[Black "Nanu,C"]
[Result "0-1"]
[WhiteElo "2272"]
[BlackElo "2515"]

1.e4 c5 2.Nf3 Nc6 3.d4 cxd4 4.Nxd4 e6 5.Nc3 Qc7 6.g3 a6 7.Bg2 d6 8.O-O Bd7
9.Nb3 Nf6 10.f4 Be7 11.Qe2 O-O 12.g4 b5 13.g5 Ne8 14.a3 Rc8 15.Be3 b4 16.axb4 Nxb4
17.f5 Bd8 18.Qf2 g6 19.fxe6 Bxe6 20.Nd4 Bc4 21.Rfd1 Ng7 22.Nd5 Nxd5 23.exd5 Bb5
24.b3 Qb7 25.c4 Bd7 26.Qa2 Nf5 27.Nxf5 Bxf5 28.Bf4 Bb6+ 29.Kh1 Bc5 30.Qxa6 Qb4
31.Qa4 Rb8 32.Qxb4 Rxb4 33.Re1 Rxb3 34.Be4 Bg4 35.Rab1 Ra3 36.Ra1 Re8 37.Bg2 Rxe1+
38.Rxe1 Rc3 39.Rc1 Rxc1+ 40.Bxc1 Be2 41.Be4 Bxc4 42.Kg2 Kf8 43.Kf3 Bd4 44.h4 Ke7
45.Kg4 Be2+ 46.Bf3 Bd3 47.Kf4 Bc4 48.Ke4 Be5 49.h5 Bb3 50.hxg6 hxg6 51.Be2 Bc2+
52.Kf3 Bb3 53.Ke4 f5+ 54.gxf6+ Kxf6 55.Bg4 Bc2+ 56.Ke3 Kg5 57.Kf3+ Kh4 58.Be6 g5
59.Be3 g4+ 60.Kf2 Be4 61.Bb6 Bf4 62.Bd8+ Kh3 63.Bb6 Bf3 64.Kg1 Bh2+ 65.Kf2 Be5
66.Kg1 Kg3 67.Be3 Be4  0-1

[Event "70th ch-ITA S/F"]
[Site "Torino ITA"]
[Date "2010.06.23"]
[Round "4"]
[White "Caprio,G"]
[Black "Iudicello,Mas"]
[Result "0-1"]
[WhiteElo "2224"]
[BlackElo "2160"]

1.e4 c5 2.Nf3 e6 3.d4 cxd4 4.Nxd4 Nc6 5.Nc3 a6 6.Be3 Qc7 7.Qd2 Nf6 8.O-O-O Be7
9.f3 O-O 10.g4 d6 11.g5 Nd7 12.h4 Nde5 13.Qg2 Nxd4 14.Bxd4 b5 15.h5 b4 16.Ne2 Bd7
17.Nf4 Rac8 18.Rd2 Qa5 19.Kb1 Nxf3 20.Qxf3 b3  0-1